Cuestiones económico-ambientales de las transformaciones agrícolas en las pampas /

El presente artículo considera la crisis internacional basada en el sistema financiero estadounidense desde una perspectiva análitica que trata de unir tres aspectos íntimamente ligados en la generación y el desenlace de la misma.

Bibliographic Details
Main Author: Pengue, Walter A.
Format: Analitica de revista
Language:Spanish
Published: México UNAM 2009

MARC

LEADER 00000cab a2200000 a 4500
001 037574
003 UAHC_CL
005 20170803124138.0
008 101214s2009 mx j 000 1 spa
040 |a UAHC_CL  |c UAHC_CL  |d UAHC_CL 
100 1 |a Pengue, Walter A. 
245 1 0 |a Cuestiones económico-ambientales de las transformaciones agrícolas en las pampas /  |c Walter A. Pengue. 
260 |b UNAM  |a México  |c 2009 
270 |a Galvarino Gallardo 1576, Casilla 113, Correo 35, Santiago, Chile. Tel. (02) 2237913/2745337, Fax: (02) 2231903, (562) 6984127. 
300 |a p. 113-148 
310 |a Mensual 
362 0 |a Año 1, vol. 1, no. 0 (jun. 1986)- 
362 0 |a Año 1, vol. 1, no. 0 (jun. 1986)- 
500 |a En: Problemas del Desarrollo. Revista Latinoamericana de Economía. Edición Cono Sur. Vol. 4, no. 8, julio - noviembre 2009. pp. 113-148. ISSN: 0301-7036. 
500 |a En: Problemas del Desarrollo. Revista Latinoamericana de Economía. Edición Cono Sur. Vol. 4, no. 8, julio - noviembre 2009. pp. 113-148. ISSN: 0301-7036. 
520 |a El presente artículo considera la crisis internacional basada en el sistema financiero estadounidense desde una perspectiva análitica que trata de unir tres aspectos íntimamente ligados en la generación y el desenlace de la misma. 
520 |a El presente artículo considera la crisis internacional basada en el sistema financiero estadounidense desde una perspectiva análitica que trata de unir tres aspectos íntimamente ligados en la generación y el desenlace de la misma. 
759 |a PP107 
773 0 |t Problemas del desarrollo : revista latinoamericana de economía, edición Cono Sur  |w 037569 
900 |a PROB. DES.-08/09 
942 |c REVA 
952 |0 0  |1 0  |4 0  |6 PROB___DES_08_09_000000000000000  |7 0  |8 General  |9 71539  |a BC  |b BC  |c General  |d 2017-08-03  |l 0  |o PROB. DES.-08/09  |p FICTICIO5561  |r 2019-01-08 00:00:00  |t 1  |w 2017-08-03  |y REVA 
999 |c 37574  |d 37574